000
00224nam a2200097Ia 4500
008
120527s9999 xx 000 0 und d
100
_a
WOSK,Julie.
245
_a
Women and the machine.
260
_b
Johns Hopkins
942
_c
BK
999
_c
23694
_d
23694